000 00324pab a2200145 454500
008 180718b2005 xxu||||| |||| 00| 0 eng d
100 _aGarg, R.B.L.
245 _aScourge of AIDS: new challenges
260 _c2005
300 _ap.24-25.
362 _aApr
650 _aAIDS
773 _aSocial Welfare
909 _a64665
999 _c64665
_d64665